000 00892nam a2200217 i 4500
001 151455
003 ES-MaACL
005 20250715031646.0
008 931025s1879 sp f |||| | spa d
100 1 _aAmador de los Ríos, José,
_d1818-1878
_921088
245 1 0 _aMonumentos latino-bizantinos de Córdoba /
_cpor José Amador de los Rios y Rodrigo Amador de los Rios y Villalta.
260 _aMadrid :
_b[s.n.],
_c1879 (
_fImp. de Fortanet y Calcografía Nacional)
300 _a75 p., [7] h. de grab. :
_bgrab. ;
_c31 cm.
490 1 _aMonumentos Arquitectónicos de España
650 4 _aArquitectura visigoda-
_zCórdoba.
_9150878
700 1 1 _aAmador de los Ríos y Fernández de Villalta, Rodrigo.
_9149674
830 0 0 _aMonumentos arquitectónicos de España
_9187641
852 _aES-MaACL
_jB-6981(1)
_z-- Enc. tela
999 _c151455
_d151455